=LDR 00000nam 2200000 4500 =001 INLIS000000000057236 =005 20201210095442 =035 ##$$a 0010-1220000137 =007 ta =008 201210###########################0#ind## =020 ##$$a 979-8590-43-0 =082 ##$$a 297.672 =084 ##$$a 297-672 Ali p =245 1#$$a Pengobatan cara nabi /$c Dr.Ali Mu'nis =300 ##$$a 148 halaman ; $c 21 cm =650 #4$$a Islam dan pengobatan =264 ##$$a jakarta :$b kalam mulia,$c 1987 =336 ##$$a teks$2 rdacontent =337 ##$$a lain-lain$2 rdamedia =338 ##$$a lain-lain$2 rdacarrier =990 ##$$a 36863686